| 000 | 00382 a2200145 4500 | ||
|---|---|---|---|
| 001 | 169311 | ||
| 020 | _a | ||
| 040 | _cMagnum | ||
| 100 | _aAgencia Regional de Noticias | ||
| 240 | 1 | 0 |
_aClipping em educacao - 29/05/00 a 04/06/00 - ano i - nº 41 _lpor |
| 245 | 1 | 0 | _aClipping em educacao - 29/05/00 a 04/06/00 - ano i - nº 41 |
| 362 | 0 | _a1899 | |
| 697 | _aENSINO | ||
| 942 | _cBK | ||
| 999 |
_c169311 _d169311 |
||